00759nam a22001937a 4500999001900000005001700019010001300036020002700049035001300076037002400089082001100113100002700124245013000151260004200281270004600323300002800369942002500397952014300422 c177216d17721620210212162617.0 aB-736875 c1975.00a9788171948130 aB-736875 bGift/Eng/03-02-2021 a657.03 aDuttachowdhury, Dhruba aDictionary for charted accountans/ company secretaries/ cost accountants/ corporate professionals /cby Dhruba Duttachowdhury aNew DelhibTaxmann Publicationsc2010 a59/32, New Rohtak RoadbNew Delhie110005 a1518p.:c25cm(Hb)bill. 2ddccENmDUTh657.03 001040708NFICaLbLd2021-02-12eGift/Eng/03-02-2021g1975.00l0o657.03 DUTpB-736875r2021-02-12 00:00:00t1v1975.00w2021-02-12yEN